00730nam a2200241 a 450000100060000000300080000600500170001400800390003102000150007003500190008504000350010404100080013908200260014710000260017324501270019925000120032626000320033830000280037050400270039850400220042565000200044765000210046719165BD-RjUL20211209000407.0140223s1983 nyu b 001 1 eng a0393952428 a(BD-RjUL)19223 dBD-RjULaCStRLINbengcCStRLIN aeng0 a821.008219bALN 19831 aAllison, Alexander W.14aThe Norton anthology of poetry /cAlexander W. Allison ... [et al.] ; with an essay on ver[s]ification by Jon Stallworthy. a3rd ed. aNew York :bNorton,cc1983. aliii, 1452 p. ;c24 cm. aBibliography: p. 1422. aIncludes indexes. 0aEnglish poetry. 0aAmerican poetry.